000 00696nam a22002537a 4500
003 UA-OsUOA
001 21761
007 ta
008 20031213b un ||||| |||| 00| 0 ukr d
100 _aКоваленко М. М.
090 _a004.492
_bК56
942 _cBK
040 _aUA-OsUOA
_bukr
_cUA-OsUOA
_dUA-OsUOA
245 _aКомп'ютерні віруси і захист інформації
300 _a268 с.
955 _a2
041 _aukr
080 _a004.492
020 _a966-00-0453-2
260 _aК.
_bНаукова думка
_c1999
044 _aUA
650 7 _a00 Загальні питання науки і культури
_2UDC
999 _c307968
_d307968